| 000 | 01211nam a22001817a 4500 | ||
|---|---|---|---|
| 005 | 20230927104633.0 | ||
| 008 | 230616b ||||| |||| 00| 0 eng d | ||
| 020 | _a9780071313698 | ||
| 050 | _aHF5549.12.R83(10e) | ||
| 245 |
_aSupervision: key link to productivity / _cLeslie W. Rue... [et al] |
||
| 250 | _a10th ed. | ||
| 260 |
_aNew York: _bMcGraw-Hill Education, _c2010. |
||
| 300 |
_axv,430p. : _bill. ; _c25cm. |
||
| 500 | _aincludes index | ||
| 505 | _aContent: Supervision in the changing workplace-- Making sound and creative decisions-- Improving communication skills-- Motivating today's employees-- Managing change and innovation-- Ethics and organization politics-- Supervisory planning-- Managing your time-- Organizing and delegating-- Understanding work groups and teams-- Staffing and training skills-- Understanding equal employment opportunity-- Counseling and supporting employees-- Developing leadership skills-- Handling conflicts and stress-- Appraising and rewarding performance-- Employee and labor relations-- Supervisory control and quality-- Improving productivity-- Providing a safe and healthy work environment. | ||
| 700 |
_aByars, Lloyd L. _91683 |
||
| 942 |
_2lcc _cBK _e10th ed. |
||
| 999 |
_c9723 _d17223 |
||